000 00322nam a22001457a 4500
008 221124b ||||| |||| 00| 0 eng d
020 _a2901584265251
041 _aeng
080 _a61
082 _a61
100 _a4
101 _aMJK
245 _aBASIC CURRENT PROCEDURAL TERMINOLOGY
_cSMITH I.G
942 _2udc
_cBK
999 _c59030
_d59030